| 000 | 00409nam a22001457a 4500 | ||
|---|---|---|---|
| 005 | 20250711174014.0 | ||
| 008 | BJ | ||
| 020 | _qBT75 | ||
| 050 |
_aBT75 _bBT75 CEN |
||
| 245 |
_aCENTRAL THEMES IN BIBLICAL THEOLOGY; _bMAPPING UNITY IN DIVERSITY _cEDITED BY SCOTT J. HAFEMANN |
||
| 260 |
_aENGLAND _bINTER VARSITY PRESS _cc2007 |
||
| 300 | _a529p | ||
| 700 | _aSCOTT J. HAFEMANN, PAUL R. HOUSE | ||
| 942 |
_2lcc _cBK _n0 |
||
| 999 |
_c6923 _d6923 |
||